Normal view
MARC view
- Punjabi Literature- Poetry
Entry Topical Term
001 - CONTROL NUMBER
- control field: 2176
003 - CONTROL NUMBER IDENTIFIER
- control field: NUST
005 - DATE AND TIME OF LATEST TRANSACTION
- control field: 20170607144816.0
008 - FIXED-LENGTH DATA ELEMENTS
- fixed length control field: 170607|| aca||aabn | a|a d
040 ## - CATALOGING SOURCE
- Original cataloging agency: NUST
- Transcribing agency: NUST
150 ## - HEADING--TOPICAL TERM
- Topical term or geographic name entry element: Punjabi Literature- Poetry
670 ## - SOURCE DATA FOUND
- Source citation: Work cat.: (NUST)0: Munnū Bhāʼī. 2175, Ajey qiamat nain aai /, 2003.
